000 00438nam a2200157Ia 4500
008 221220s9999 xx 000 0 und d
020 _a978-93-530-6626-0
041 _aEnglish
100 _aP. M. Charantimath
245 0 _aEntrepreneurship Development & Small Business Enterprises 3rd Ed.
_cby P. M. Charantimath
250 _a3rd Ed.
260 _bPearson
_aIndia
_c2022
300 _a412
650 _aManagement
942 _2DDC
_cBK
999 _c19291
_d19291